Zoo ou l'assassin philantrope
Salvato in:
| Autore principale: | |
|---|---|
| Natura: | Libro |
| Lingua: | Undetermined |
| Pubblicazione: |
París, Francia
Collection du Thétre National Populaire
1964
|
| Soggetti: | |
| Tags: |
Aggiungi Tag
Nessun Tag, puoi essere il primo ad aggiungerne!!
|
MARC
| LEADER | 00000nam a2200000Ia 4500 | ||
|---|---|---|---|
| 008 | 170316s9999 xx 000 0 und d | ||
| 040 | |a cru BVZT | ||
| 090 | |a 840 V-7z | ||
| 100 | |a Vercors, Jean | ||
| 245 | |a Zoo ou l'assassin philantrope | ||
| 260 | |a París, Francia | ||
| 260 | |b Collection du Thétre National Populaire | ||
| 260 | |c 1964 | ||
| 300 | |a 110 páginas | ||
| 650 | |a LITERATURA FRANCESA | ||
| 999 | |c 8060 |d 8060 | ||
| 942 | |c 15 D |h 840 V-7z |2 z | ||
